000 00819nas a2200265Ia 4500
001 A09/R114-46850
003 IT-MiCISF
008 161014c99999999xx |||||||||||| ||und||
040 _aIT-MiCISF
_cIT-MiCISF
041 _aITALIANO
100 _aBenfante Picogna Carmelo
210 _aPedagogika.it
222 _aPedagogika.it
245 0 _aL'accoglienza e l'integrazione nelle scuole degli alunni istituzionalizzati e adottati
250 _a1a ed.
260 _c2009
501 _bCISF - Centro Internazionale Studi Famiglia - Via Giotto, 36 20145 MILANO (non commercial uses only)
_cCopyright 2016
300 _app. 61-63
362 _an. 1 [2009]
500 _a Tema: scuola, istituzionalizzazione
650 _aSCUOLA
_varticolo
700 _aAA.VV.
942 _cCR
957 _71
999 _a46850
_bSi
_g1
_c224533
_d224533